Virus, ze kterého šílíme /
Uložené v:
| Hlavný autor: | |
|---|---|
| Ďalší autori: | |
| Médium: | Kniha |
| Jazyk: | Czech French |
| Vydané: |
Praha :
Kalich,
2020.
|
| Vydanie: | První vydání |
| Témy: | |
| ISBN: |
9788070172865 |
| Fyzický popis: |
90 strán ; 20 cm. |
| Tagy: |
Pridať tag
Žiadne tagy, Buďte prvý kto otaguje tento záznam!
|
Titul je dostupný aj v ... 

MARC
| LEADER | 00000nam a2200000 i 4500 | ||
|---|---|---|---|
| 001 | 000655430 | ||
| 005 | 20210325080508.0 | ||
| 008 | 201027s2020 xr g 000 e cze d | ||
| 020 | |a 9788070172865 |q (brožované) | ||
| 040 | |a SVKKK |b slo |c SVKKK |e rda | ||
| 041 | 1 | |a cze |h fre | |
| 044 | |a xr |c CZ | ||
| 072 | 7 | |a 616 |x Patológia. Klinická medicína |2 konspekt | |
| 080 | |a 616-036.21 |2 2011 | ||
| 080 | |a 304 |2 2011 | ||
| 080 | |a 33 |2 2011 | ||
| 080 | |a 616.921.5 |2 2011 | ||
| 080 | |a 316.774:316.3 |2 2011 | ||
| 080 | |a (0:82-4) |2 2011 | ||
| 100 | 1 | |a Lévy, Bernard-Henri, |d 1948- |4 aut | |
| 240 | 1 | 0 | |a Ce virus qui rend fou. |l Česky |
| 245 | 1 | 0 | |a Virus, ze kterého šílíme / |c Bernard-Henri Lévy ; z francouzského originálu Ce virus qui rend fou přeložila Jana Vymazalová. |
| 250 | |a První vydání | ||
| 264 | 1 | |a Praha : |b Kalich, |c 2020. | |
| 300 | |a 90 strán ; |c 20 cm. | ||
| 336 | |a text |b txt |2 rdacontent | ||
| 337 | |a bez média |b n |2 rdamedia | ||
| 338 | |a zväzok |b nc |2 rdacarrier | ||
| 648 | 7 | |a 2020 |2 SVKKKPH | |
| 650 | 0 | 7 | |a pandémia |y 2020 |2 SVKKKPH |
| 650 | 0 | 7 | |a pandémia |x sociálne aspekty |2 SVKKKPH |
| 650 | 0 | 7 | |a pandémia |x ekonomické aspekty |2 SVKKKPH |
| 650 | 0 | 7 | |a Covid-19 |2 SVKKKPH |
| 650 | 0 | 7 | |a masmédiá a spoločnosť |2 SVKKKPH |
| 650 | 0 | 7 | |a pandemy |y 2020 |2 SVKKKPHeng |
| 650 | 0 | 7 | |a pandemy |x social aspects |2 SVKKKPHeng |
| 650 | 0 | 7 | |a pandemy |x economic aspects |2 SVKKKPHeng |
| 650 | 0 | 7 | |a Covid-19 (disease) |2 SVKKKPHeng |
| 650 | 0 | 7 | |a mass media and society |2 SVKKKPHeng |
| 655 | 7 | |a eseje |2 SVKKKPH | |
| 655 | 7 | |a essays |2 SVKKKPHeng | |
| 700 | 1 | |a Vymazalová, Jana |4 trl | |
| 910 | |a svkkk | ||
| 919 | |a 978-80-7017-286-5 | ||
| 998 | |a BK | ||
| 090 | |g SCKHL |k Sklad Hlavná 10 prízemie |a III.249252 |j 1107997 |i 2720766297 |s Absenčne | ||